| 000 | 00349nam a2200133Ia 4500 | ||
|---|---|---|---|
| 008 | 240624s9999 xx 000 0 und d | ||
| 041 | _aeng | ||
| 082 | _a303.6250954 BHA | ||
| 100 | _aBHATT U B | ||
| 245 | _aTERROR ON BOARD A FIRST HAND ACCOUNT BY | ||
| 260 |
_c2000 _aNew Delhi _bMacmillan |
||
| 300 | _axvi, : 157 : p. : cm. ; 25 | ||
| 365 |
_cRS _b35 |
||
| 999 |
_c8144 _d8144 |
||